Random Knowledge Quiz #58 - Statistics

General Stats
  • This quiz has been taken 254 times
  • The average score is 9 of 15
Answer Stats
Question Answer % Correct
Name one of the four US presidents who were assassinated while in office. Abraham Lincoln, James Garfield, William McKinley, and John F. Kennedy
98%
According to the First Testament, how many commandments did God give Moses? 10
97%
The Samurai were warriors in which country? Japan
97%
What kind of animal was Dolly, the first animal that was cloned from an adult cell? A sheep
91%
Who is considered to be the "Father of Relativity?" Albert Einstein
85%
Fill in this quote: “Hello. My name is Inigo Montoya. You killed my _____. Prepare to die.” Father
74%
"The Da Vinci Code" opens with a murder in which famous museum? The Louvre
71%
Who is missing: Leonardo, Donatello, Michelangelo and...? Raphael
67%
What name is singer/actor Stefani Germanotta better known by? Lady Gaga
58%
Queen Elizabeth I was the last monarch of which dynasty? Tudor
56%
Who voiced the Genie in the English version of Disney's Aladdin? Robin Williams
52%
What is the name of the pet dinosaur on the TV cartoon "The Flintstones"? Dino
38%
Besides fingerprints, what part of a human body has a unique print? Tongue
38%
What was Facebook (now Meta) called when it originally launched? TheFacebook
21%
In which sport are barani, rudolph, and randolph all techniques? Trampolining
4%
No matching quizzes found
Score Distribution
Percent of People with Each Score
Percentile by Number Answered
Your Score History
You have not taken this quiz